00831nam a2200181Ia 450000500170000000800410001702000150005805000230007310000320009624500580012826000320018630000180021850400340023650503010027065000190057165000290059070000300061920231102151227.0120630s2002 sp 000 0 spa d a847112453X aBF724.55A35bS7818 aStuart-Hamilton, Ianeautor00aPsicologia del envejecimientoc / Ian Stuart-Hamilton aEspañab: Moratac, 2002 a318 páginas aBibliografía: p. [269]-314. a¿Que es el envejecimiento? Mediciones del cambio en la edad adulta avanzada Envejecimiento y memoria Envejecimiento, personalidad y estilo de vida Enfermedad mentaly envejecimiento Problemas en la medicion del estado psicológico de las personas mayores ¿Cual es el furturo del envejecimiento? 0aENVEJECIMIENTO a Aspectos psicológicos aTomas del Olmoetraductor